LDR 00677naa#a2200181#i#450# 001 EN\\bibl\103704 005 20260426101608.7 011 ## _a1729-9187 100 ## _a20260330b2026####ek#y0engy0150####ca 102 ## _aRU 200 1# _aExpert light as a forensic means of ensuring the effectiveness of technical recording of trace information _eJournal article 210 1# _aUfa _cUfa Law Institute of the Ministry of Internal Affairs of Russia _d2026 215 ## _a8 с. 608 ## _aJournal article _2local 675 ## _aСредство обнаружения следов. 343.982.347 _z 700 #1 _aMigunov _gAleksey 700 #1 _aMigunova _gYulia Vladimirovna 856 4# _aobshtestvo-uyi.editorum.ru _u